| 000 | 00678nam a2200229Ia 4500 | ||
|---|---|---|---|
| 003 | OSt | ||
| 005 | 20220928115709.0 | ||
| 006 | a|||||r|||| 00| 0 | ||
| 007 | ta | ||
| 008 | 220927b |||||||| |||| 00| 0 eng d | ||
| 024 | _a50304 | ||
| 037 | _cTextual | ||
| 040 |
_aSDCL _cSDCL _beng |
||
| 041 |
_2eng _aeng |
||
| 082 | _aV73:19(C9B3)'N7, M1 | ||
| 100 |
_aBrenner Michael J _9445646 |
||
| 245 | 0 |
_aNuclear power and non-proliferation _b The remaking of US policy |
|
| 260 |
_aCambridge _bCambridge University Press _c1981 |
||
| 300 |
_axi,324p _ccm. |
||
| 942 |
_hV73:19(C9B3)'N7, M1 _cTEXL _2CC |
||
| 999 |
_c760550 _d760550 |
||